Top Countries by Minecraft Ore Production - Statistics

General Stats
  • This quiz has been taken 47 times
  • The average score is 21 of 31
Answer Stats
Answer % Correct
China
98%
United States
98%
India
95%
Mexico
93%
Russia
93%
Canada
90%
South Africa
90%
Brazil
88%
Australia
86%
DR Congo
83%
Germany
76%
Indonesia
76%
Botswana
74%
Chile
74%
Colombia
74%
Kazakhstan
69%
Peru
67%
Angola
64%
Italy
62%
Zimbabwe
62%
Namibia
57%
Pakistan
57%
Zambia
57%
Afghanistan
55%
Mongolia
55%
Ukraine
52%
Poland
48%
Uzbekistan
40%
Madagascar
36%
Lesotho
29%
Sierra Leone
19%
No matching quizzes found
Score Distribution
Percent of People with Each Score
Percentile by Number Answered
Your Score History
You have not taken this quiz